Fictional Siblings Quiz Stats

 Plays Quiz Updated Dec 23, 2018

Support Sporcle.
Go Orange.
Score 0/30 Timer 08:00
4 Plays Today
Character(s) Sibling's First Name % Correct
Monica GellerRoss
81.7%
Meg, Beth, and Amy MarchJo
65%
Frasier CraneNiles
59.5%
Patty and Selma BouvierMarge
57.2%
Greg, Marcia, Jan, Peter, and Cindy BradyBobby
56.4%
Pete WrigleyPete
55.7%
Phil DeVilleLil
51.9%
Sondra, Denise, Theo, and Vanessa HuxtableRudy
49.1%
Ray BaroneRobert
39.8%
Wendy and John DarlingMichael
37.5%
Theodore 'Beaver' CleaverWally
37.4%
Peter, Susan, and Lucy PevensieEdmund
35.5%
Dash and Jack Jack ParrViolet
34.5%
Jean Louise 'Scout' FinchJem
29.6%
Michael BanksJane
29.4%
Character(s) Sibling's First Name % Correct
Yakko and Wakko WarnerDot
28.2%
Jake BluesElwood
24.9%
Ramona and Roberta QuimbyBeezus
22.8%
Raymond BabbittCharlie
17%
Goneril and ReganCordelia
14.4%
Peter and Tamara 'Tootsie' HatcherFudge
14.1%
ScooterSkeeter
12.8%
Clarissa DarlingFerguson
12.4%
Lindsay WeirSam
8.5%
Biff LomanHappy
8.1%
Betty SuarezHilda
7.7%
Brenda ChenowithBilly
6.3%
Tom WingfieldLaura
6.1%
Gilbert, Amy, and Ellen GrapeArnie
5.5%
Rachel, Leah, and Ruth May PriceAdah
3.1%

From the Vault

Remove Ads.
Support Sporcle.
Get the best of Sporcle when you Go Orange. This ad-free experience offers more features, more stats, and more fun while also helping to support Sporcle. Thank you for becoming a member.

Show Comments

Extras

Top Quizzes Today


Score Distribution

Your Account Isn't Verified!

In order to create a playlist on Sporcle, you need to verify the email address you used during registration. Go to your Sporcle Settings to finish the process.

Report this User

Report this user for behavior that violates our Community Guidelines.

Details: